Central Library OPAC University of Rajshahi

Improving women's health in India / (Record no. 66449)

MARC details
000 -LEADER
fixed length control field 00918nam a2200289 a 4500
001 - CONTROL NUMBER
control field 66449
003 - CONTROL NUMBER IDENTIFIER
rucl marc code BD-RjUL
005 - DATE AND TIME OF LATEST TRANSACTION
control field 20211209081537.0
008 - FIXED-LENGTH DATA ELEMENTS--GENERAL INFORMATION
fixed length control field 170316s1996 dcua b i000 0 eng
020 ## - INTERNATIONAL STANDARD BOOK NUMBER
International Standard Book Number 0821336029
International Standard Book Number 0821336029
035 ## - SYSTEM CONTROL NUMBER
System control number (BD-RjUL)66579
040 ## - CATALOGING SOURCE
Original cataloging agency DLC
Transcribing agency DLC
Modifying agency DLC
-- BD-RjUL
Language of cataloging eng
041 ## - LANGUAGE CODE
Language code of text/sound track or separate title eng
082 00 - DEWEY DECIMAL CLASSIFICATION NUMBER
Classification number 613.042440954
Edition number 23
Author mark and year WOI 1996
100 ## - MAIN ENTRY--PERSONAL NAME
Personal name World Bank.
9 (RLIN) 196651
245 00 - TITLE STATEMENT
Title Improving women's health in India /
Statement of responsibility, etc. World Bank.
260 ## - PUBLICATION, DISTRIBUTION, ETC. (IMPRINT)
Place of publication, distribution, etc. Washington, D.C. :
Name of publisher, distributor, etc. World Bank,
Date of publication, distribution, etc. c1996.
300 ## - PHYSICAL DESCRIPTION
Pagination xi, 160 p. :
Illustrations . ill. ;
Size 23 cm.
490 1# - SERIES STATEMENT
Series statement Development in practice
504 ## - BIBLIOGRAPHY, ETC. NOTE
Bibliography, etc Includes bibliographical references (p. 149-160).
650 #0 - SUBJECT ADDED ENTRY--TOPICAL TERM
Topical term or geographic name as entry element Women
General subdivision Health and hygiene
Geographic subdivision India.
9 (RLIN) 14898
Topical term or geographic name as entry element Women's health services
Geographic subdivision India.
9 (RLIN) 196652
710 2# - ADDED ENTRY--CORPORATE NAME
Corporate name or jurisdiction name as entry element World Bank.
9 (RLIN) 196651
830 #0 - SERIES ADDED ENTRY--UNIFORM TITLE
Uniform title Development in practice (Washington, D.C.)
942 ## - ADDED ENTRY ELEMENTS (KOHA)
Source of classification or shelving scheme Dewey Decimal Classification
Koha item type Books
Holdings
Lost status Source of classification or shelving scheme Damaged status Not for loan Collection code Permanent Location Current Location Shelving location Date acquired Source of acquisition Cost, normal purchase price Total Checkouts Full call number Date last seen Copy number Koha item type
  Dewey Decimal Classification   Not For Loan Non-fiction Central Library, University of Rajshahi Central Library, University of Rajshahi Reading Room 29/12/1097 New Mohiuddin and Sons, Rajshahi 230.00   613.042440954 WOI 1996 16/03/2017 C-1 Books